[Event "American Continental 19th"]
[Site "Foz do Iguacu"]
[Date "2025.05.28"]
[Round "8"]
[White "Quesada Perez, Luis Ernesto"]
[Black "Henriquez Villagra, Cristobal"]
[Result "1-0"]
[WhiteElo "2546"]
[BlackElo "2597"]
[PlyCount "91"]
[EventDate "2025.05.23"]
[EventType "swiss"]
[EventRounds "11"]
[EventCountry "BRA"]
[SourceTitle "CB23_2025"]
[SourceDate "2025.06.04"]
[SourceVersion "1"]
[SourceVersionDate "2025.06.04"]
[SourceQuality "1"]

1. Nf3 d5 2. d4 Nf6 3. c4 e6 4. Nc3 Be7 5. Bf4 0-0 6. e3 Nbd7 7. c5 Ne4 8. Bd3 f5 9. h3 c6 10. 0-0 b6 11. cxb6 axb6 12. a4 Rf7 13. Qc2 Bb7 14. Bh2 h6 15. Ne2 g5 16. Ne5 Nxe5 17. Bxe5 Nf6 18. f3 c5 19. Qd2 Nd7 20. Bh2 Bf6 21. b4 Bg7 22. Bb5 cxd4 23. exd4 f4 24. Kh1 Nb8 25. Rfc1 Qd6 26. a5 Na6 27. Rcb1 Bf8 28. Ra4 Nc7 29. Bd3 b5 30. Ra3 Bc6 31. g3 fxg3 32. Bxg3 Qd7 33. Bg6 Rf6 34. Bh5 Bd6 35. f4 e5 36. Bg4 Qh7 37. f5 Rxf5 38. Rc1 Ra6 39. dxe5 d4+ 40. Rxc6 Rxc6 41. exd6 Nd5 42. Qxd4 Rc4 43. Qd3 Qb7 44. Qxf5 Rxg4 45. Rf3 Rf4 46. Qg6+ 1-0

[Event "American Continental 19th"]
[Site "Foz do Iguacu"]
[Date "2025.05.27"]
[Round "7"]
[White "Jacobson, Brandon"]
[Black "Quesada Perez, Luis Ernesto"]
[Result "0-1"]
[WhiteElo "2582"]
[BlackElo "2546"]
[PlyCount "110"]
[EventDate "2025.05.23"]
[EventType "swiss"]
[EventRounds "11"]
[EventCountry "BRA"]
[SourceTitle "CB23_2025"]
[SourceDate "2025.06.04"]
[SourceVersion "1"]
[SourceVersionDate "2025.06.04"]
[SourceQuality "1"]

1. e4 e5 2. Nf3 Nc6 3. Bc4 Nf6 4. d3 Bc5 5. a4 d6 6. a5 a6 7. c3 0-0 8. 0-0 Ne7 9. b4 Ba7 10. Be3 Bxe3 11. fxe3 Ng6 12. Qe2 c6 13. Nbd2 d5 14. exd5 cxd5 15. Bb3 Be6 16. Ng5 Bg4 17. Qe1 h6 18. Ngf3 Rc8 19. Rc1 Be6 20. d4 e4 21. Nh4 Ne7 22. Ba2 Ne8 23. g3 Nd6 24. Nb3 Bd7 25. Nc5 g5 26. Ng2 Bb5 27. Rf2 Rc6 28. Qd1 Qc8 29. Qh5 Kg7 30. Ne1 Bc4 31. Bxc4 Nxc4 32. Nc2 Rg6 33. g4 Ng8 34. Rcf1 Nd6 35. Kh1 Ne7 36. Na3 f5 37. gxf5 Rxf5 38. Rxf5 Nexf5 39. Nc2 Nh4 40. Qe2 Qh3 41. Rg1 Rf6 42. Ne1 Nf3 43. Rg3 Qf5 44. Kg2 Nh4+ 45. Kg1 Kg6 46. Ng2 Nf3+ 47. Kh1 Kh7 48. Ne1 Rf7 49. Rg2 Nh4 50. Rg1 Nc4 51. Nb3 Qf2 52. Qxf2 Rxf2 53. h3 Nxe3 54. Nc5 Re2 55. Nd7 Nf3 0-1

[Event "American Continental 19th"]
[Site "Foz do Iguacu"]
[Date "2025.05.24"]
[Round "3"]
[White "Marrujo Pardo, Mauricio Emmanuel"]
[Black "Quesada Perez, Luis Ernesto"]
[Result "1/2-1/2"]
[WhiteElo "2349"]
[BlackElo "2546"]
[PlyCount "53"]
[EventDate "2025.05.23"]
[EventType "swiss"]
[EventRounds "11"]
[EventCountry "BRA"]
[SourceTitle "CB23_2025"]
[SourceDate "2025.06.04"]
[SourceVersion "1"]
[SourceVersionDate "2025.06.04"]
[SourceQuality "1"]

1. e4 c5 2. Nf3 e6 3. d4 cxd4 4. Nxd4 Nc6 5. Nxc6 bxc6 6. Bf4 Nf6 7. Nd2 d5 8. Bd3 Be7 9. 0-0 Nd7 10. Re1 0-0 11. e5 Nc5 12. Bxh7+ Kxh7 13. Qh5+ Kg8 14. Re3 f5 15. Rh3 Rb8 16. Qh7+ Kf7 17. Rg3 Ke8 18. Rxg7 Kd7 19. Be3 Ne4 20. Nb3 f4 21. Bxa7 Rb7 22. Nc5+ Nxc5 23. Bxc5 Re8 24. h4 Rb5 25. Bxe7 Rxe7 26. h5 Rb8 27. Rd1 1/2-1/2

[Event "Mexican op 70th"]
[Site "Mexico City"]
[Date "2025.04.17"]
[Round "6"]
[White "Martinez Alcantara, Jose Eduardo"]
[Black "Quesada Perez, Luis Ernesto"]
[Result "0-1"]
[WhiteElo "2606"]
[BlackElo "2535"]
[PlyCount "90"]
[EventDate "2025.04.14"]
[EventType "swiss"]
[EventRounds "9"]
[EventCountry "MEX"]
[SourceTitle "CB17_2025"]
[SourceDate "2025.04.23"]
[SourceVersion "1"]
[SourceVersionDate "2025.04.23"]
[SourceQuality "1"]

1. c4 e5 2. Nc3 Nf6 3. e3 Nc6 4. a3 g6 5. b4 Bg7 6. Bb2 0-0 7. Qc2 d5 8. cxd5 Nxd5 9. Nf3 Bf5 10. Ne4 Bxe4 11. Qxe4 f5 12. Qc4 e4 13. Nd4 Qd7 14. b5 Ne5 15. Qc2 Rae8 16. Bc4 f4 17. Qb3 c6 18. h3 fxe3 19. fxe3 Nxc4 20. bxc6 bxc6 21. Qxc4 c5 22. Qxc5 Rc8 23. Qa5 Qf7 24. Kd1 Rb8 25. Bc3 Nxc3+ 26. Qxc3 Rbc8 27. Qb2 Qf2 28. Rc1 Qxg2 29. Re1 Qxh3 30. Qb3+ Kh8 31. Rxc8 Qxc8 32. Ne2 Qd7 33. Rg1 Be5 34. Qb4 Qf5 35. Qc5 Rf7 36. a4 Kg7 37. Rh1 h5 38. Qd5 Rd7 39. Qb5 Qe6 40. Rh4 Qd6 41. Qa5 Bf6 42. Rf4 Qd3 43. Ke1 Qb1+ 44. Kf2 Qh1 45. Rxf6 Qh4+ 0-1

[Event "Mexican op 70th"]
[Site "Mexico City"]
[Date "2025.04.14"]
[Round "1"]
[White "Quesada Perez, Luis Ernesto"]
[Black "Silva Hernandez, Jose Luis"]
[Result "1-0"]
[WhiteElo "2535"]
[BlackElo "1976"]
[PlyCount "59"]
[EventDate "2025.04.14"]
[EventType "swiss"]
[EventRounds "9"]
[EventCountry "MEX"]
[SourceTitle "CB17_2025"]
[SourceDate "2025.04.23"]
[SourceVersion "1"]
[SourceVersionDate "2025.04.23"]
[SourceQuality "1"]

1. b3 e5 2. Bb2 Nc6 3. c4 Nf6 4. e3 d5 5. cxd5 Nxd5 6. a3 Be7 7. Qc2 Be6 8. Bb5 Bd7 9. Nf3 f6 10. Nc3 a6 11. Bd3 Nxc3 12. dxc3 g6 13. h4 f5 14. e4 f4 15. Bc4 Bf6 16. b4 Qe7 17. a4 Be6 18. Bd5 Kf7 19. 0-0 Rhd8 20. Qb3 Rd7 21. Rfd1 Rad8 22. a5 Na7 23. c4 c6 24. Bxe6+ Qxe6 25. Bxe5 Rxd1+ 26. Rxd1 Bxh4 27. Bd4 Nb5 28. Bb6 Rxd1+ 29. Qxd1 Qxc4 30. Ne5+ 1-0

[Event "Qatar Masters op-A"]
[Site "Doha"]
[Date "2024.12.12"]
[Round "9"]
[White "Jin, Yueheng"]
[Black "Quesada Perez, Luis Ernesto"]
[Result "1/2-1/2"]
[WhiteElo "2309"]
[BlackElo "2564"]
[PlyCount "113"]
[EventDate "2024.12.03"]
[EventType "swiss"]
[EventRounds "9"]
[EventCountry "QAT"]
[SourceTitle "CB51_2024"]
[SourceDate "2024.12.18"]
[SourceVersion "1"]
[SourceVersionDate "2024.12.18"]
[SourceQuality "1"]

1. c4 e6 2. g3 d5 3. Bg2 d4 4. Nf3 c5 5. e3 Nc6 6. exd4 cxd4 7. 0-0 Nf6 8. d3 Bd6 9. Bg5 h6 10. Bxf6 Qxf6 11. Nbd2 Qe7 12. a3 a5 13. Ne4 Bc7 14. b4 axb4 15. axb4 Rxa1 16. Qxa1 Qxb4 17. Rb1 Qe7 18. Nxd4 Nxd4 19. Qxd4 0-0 20. Nc5 Rd8 21. Qe3 b6 22. Na4 Qa3 23. Nxb6 Rxd3 24. Qe1 Ba6 25. Bf1 Rd8 26. Ra1 Qc5 27. Rxa6 Bxb6 28. Ra2 Qd4 29. Bg2 Qd1 30. Qxd1 Rxd1+ 31. Bf1 g5 32. Kg2 Kg7 33. Be2 Rc1 34. Rb2 Bd4 35. Rd2 Bc5 36. g4 Kf8 37. h3 Ke7 38. Bd3 Rc3 39. Bh7 Rb3 40. Ra2 Kd6 41. Rd2+ Ke7 42. Ra2 Rb4 43. Re2 Rb8 44. Be4 Kd6 45. Bh7 h5 46. Be4 hxg4 47. hxg4 Rb4 48. Bd3 Rb3 49. Bh7 Rb4 50. Rd2+ Ke7 51. Rc2 Kf6 52. Be4 Ke5 53. Bf3 Kf4 54. Be2 Rb7 55. Rd2 Rc7 56. Rd3 Ke5 57. Rd2 1/2-1/2

[Event "Mexico City Revolucion"]
[Site "Mexico City"]
[Date "2024.11.17"]
[Round "8"]
[White "Lopez Gonzalez, Abel Fabian"]
[Black "Quesada Perez, Luis Ernesto"]
[Result "0-1"]
[WhiteElo "2431"]
[BlackElo "2580"]
[PlyCount "90"]
[EventDate "2024.11.13"]
[EventType "tourn"]
[EventRounds "9"]
[EventCountry "MEX"]
[EventCategory "8"]
[SourceTitle "CB47_2024"]
[SourceDate "2024.11.20"]
[SourceVersion "1"]
[SourceVersionDate "2024.11.20"]
[SourceQuality "1"]

1. e4 e5 2. Nf3 Nc6 3. Bc4 Nf6 4. d3 Bc5 5. c3 a6 6. 0-0 d6 7. a4 Ba7 8. Re1 0-0 9. h3 h6 10. Nbd2 Re8 11. b4 Be6 12. Bxe6 Rxe6 13. Bb2 Ne7 14. Nf1 Ng6 15. c4 Qd7 16. Ng3 Rae8 17. Qc2 Nh7 18. Nf5 Ng5 19. Nh2 Ne7 20. h4 Nh7 21. g4 h5 22. g5 Nxf5 23. exf5 R6e7 24. d4 exd4 25. Nf3 c5 26. Rxe7 Rxe7 27. Re1 Rxe1+ 28. Nxe1 cxb4 29. Nf3 Qe8 30. Nxd4 Nf8 31. Ne2 Qc6 32. Qd3 Nd7 33. Ng3 Ne5 34. Bxe5 Qc5 35. Qf3 dxe5 36. g6 b3 37. Ne4 Qxc4 38. Qd1 Bd4 39. Qxh5 b2 40. Qh7+ Kf8 41. f6 Qc1+ 42. Kg2 Qh6 43. Qxh6 gxh6 44. g7+ Kg8 45. Nd2 e4 0-1

[Event "Mexico City Revolucion"]
[Site "Mexico City"]
[Date "2024.11.16"]
[Round "6"]
[White "Cuenca Jimenez, Jose Fernando"]
[Black "Quesada Perez, Luis Ernesto"]
[Result "1/2-1/2"]
[WhiteElo "2482"]
[BlackElo "2580"]
[PlyCount "50"]
[EventDate "2024.11.13"]
[EventType "tourn"]
[EventRounds "9"]
[EventCountry "MEX"]
[EventCategory "8"]
[SourceTitle "CB47_2024"]
[SourceDate "2024.11.20"]
[SourceVersion "1"]
[SourceVersionDate "2024.11.20"]
[SourceQuality "1"]

1. d4 d5 2. c4 c6 3. Nf3 Nf6 4. Nc3 e6 5. Bg5 h6 6. Bxf6 Qxf6 7. e3 g6 8. Ne5 Bg7 9. f4 0-0 10. h4 c5 11. Qf3 cxd4 12. exd4 Nc6 13. 0-0-0 dxc4 14. Bxc4 Rd8 15. Qe3 Bd7 16. Kb1 Qe7 17. h5 g5 18. g3 Rac8 19. Bb3 Nxe5 20. dxe5 Bc6 21. Rhg1 a5 22. a4 Rxd1+ 23. Rxd1 Rd8 24. Rxd8+ Qxd8 25. Ka2 g4 1/2-1/2

[Event "Iberoamerican-ch 10th"]
[Site "Linares"]
[Date "2024.09.30"]
[Round "8"]
[White "Quesada Perez, Luis Ernesto"]
[Black "Fier, Alexandr"]
[Result "1/2-1/2"]
[WhiteElo "2578"]
[BlackElo "2551"]
[PlyCount "102"]
[EventDate "2024.09.25"]
[EventType "swiss"]
[EventRounds "9"]
[EventCountry "ESP"]
[SourceTitle "EXT 2025"]
[Source "ChessBase"]
[SourceDate "2024.10.14"]
[SourceVersion "1"]
[SourceVersionDate "2024.10.14"]
[SourceQuality "1"]

1. d4 Nf6 2. c4 g6 3. Nc3 d5 4. cxd5 Nxd5 5. e4 Nxc3 6. bxc3 Bg7 7. Nf3 c5 8. Be3 Bg4 9. Qd2 0-0 10. Rb1 Bxf3 11. gxf3 e6 12. Rd1 Qa5 13. Bg2 Nc6 14. f4 Rad8 15. e5 f6 16. 0-0 fxe5 17. fxe5 Nxe5 18. Qe2 Nc6 19. dxc5 Qxc3 20. Rxd8 Rxd8 21. Bxc6 bxc6 22. Qa6 Be5 23. Qxc6 Qc4 24. a3 Qd5 25. Qa4 Qf3 26. Qh4 Rd5 27. h3 Rd1 28. Rxd1 Qxd1+ 29. Kg2 Qd5+ 30. Kg1 Qd1+ 31. Kg2 Qd5+ 32. f3 Bc7 33. Qf6 a6 34. a4 Qe5 35. Qxe5 Bxe5 36. f4 Bc7 37. Kf3 Kf7 38. c6 Ke7 39. Bc5+ Kd8 40. Ke4 Kc8 41. Bb4 Kd8 42. Bc3 Bd6 43. Ba5+ Kc8 44. Bb6 h5 45. Ba5 Kb8 46. Bb6 Kc8 47. Ba5 Kb8 48. Bd8 Kc8 49. Bb6 Kb8 50. Ba5 Kc8 51. Bb6 Kb8 1/2-1/2

[Event "Iberoamerican-ch 10th"]
[Site "Linares"]
[Date "2024.09.25"]
[Round "1"]
[White "Rodriguez Redondo, Adhara"]
[Black "Quesada Perez, Luis Ernesto"]
[Result "1/2-1/2"]
[WhiteElo "2184"]
[BlackElo "2578"]
[PlyCount "116"]
[EventDate "2024.09.25"]
[EventType "swiss"]
[EventRounds "9"]
[EventCountry "ESP"]
[SourceTitle "EXT 2025"]
[Source "ChessBase"]
[SourceDate "2024.10.14"]
[SourceVersion "1"]
[SourceVersionDate "2024.10.14"]
[SourceQuality "1"]

1. e4 c5 2. Nf3 d6 3. d4 cxd4 4. Nxd4 Nf6 5. Nc3 a6 6. Be2 e5 7. Nf3 Be7 8. Bg5 Nbd7 9. a4 h6 10. Be3 Qc7 11. Nd2 Nc5 12. Nc4 Be6 13. Nd5 Nxd5 14. exd5 Bf5 15. a5 0-0 16. Nb6 Rae8 17. 0-0 Bg6 18. f3 f5 19. b4 f4 20. Bf2 Nd7 21. Bd3 e4 22. fxe4 Bf6 23. Nxd7 Qxd7 24. e5 Bxd3 25. Qxd3 Bxe5 26. Bd4 Qf5 27. Bxe5 Qxd3 28. cxd3 Rxe5 29. Rac1 Rxd5 30. Rc7 Rb5 31. Re1 f3 32. Ree7 f2+ 33. Kf1 Rg5 34. g3 h5 35. Rxb7 h4 36. Re2 Rxg3 37. Rxf2 Rxf2+ 38. Kxf2 Rxd3 39. Rb6 Rd2+ 40. Kg1 Rb2 41. Rxa6 Rxb4 42. Rxd6 Ra4 43. a6 Kh7 44. Kg2 g6 45. Rd7+ Kh6 46. a7 Kh5 47. h3 Ra3 48. Rb7 Ra2+ 49. Kf3 g5 50. Rh7+ Kg6 51. Rb7 Ra3+ 52. Kg2 g4 53. hxg4 Kg5 54. Rg7+ Kf4 55. Rf7+ Kxg4 56. Rg7+ Kf5 57. Rf7+ Ke6 58. Rh7 h3+ 1/2-1/2

[Event "Olympiad-45"]
[Site "Budapest"]
[Date "2024.09.15"]
[Round "5.9"]
[White "Van Foreest, Jorden"]
[Black "Quesada Perez, Luis Ernesto"]
[Result "1-0"]
[WhiteElo "2696"]
[BlackElo "2578"]
[PlyCount "85"]
[EventDate "2024.09.11"]
[EventType "team-swiss"]
[EventRounds "11"]
[EventCountry "HUN"]
[SourceTitle "EXT 2025"]
[Source "ChessBase"]
[SourceDate "2024.10.14"]
[SourceVersion "1"]
[SourceVersionDate "2024.10.14"]
[SourceQuality "1"]
[WhiteTeam "Netherlands"]
[BlackTeam "Cuba"]
[WhiteTeamCountry "NED"]
[BlackTeamCountry "CUB"]

1. e4 e5 2. Nf3 Nc6 3. Bc4 Bc5 4. c3 Nf6 5. d3 d6 6. 0-0 a6 7. a4 Ba7 8. Re1 0-0 9. h3 h6 10. Nbd2 Re8 11. Nf1 Be6 12. Bxe6 Rxe6 13. g4 d5 14. Qe2 Qd7 15. Ng3 dxe4 16. dxe4 Rd8 17. g5 hxg5 18. Bxg5 Qd3 19. Kf1 Kf8 20. h4 Rd7 21. Qxd3 Rxd3 22. Ke2 Rd7 23. Rg1 Na5 24. Bxf6 Rxf6 25. Nh5 Rfd6 26. Rxg7 Nb3 27. Rag1 Rd2+ 28. Nxd2 Rxd2+ 29. Kf3 Rxf2+ 30. Kg3 Nd2 31. Kh3 Nxe4 32. R7g2 Rf3+ 33. Kg4 Re3 34. Rf1 Ke7 35. Ng3 Ke6 36. h5 Nf6+ 37. Kg5 Nh7+ 38. Kh4 Bc5 39. Nf5 Re4+ 40. Kh3 Bf8 41. h6 Rxa4 42. Rg8 Rf4 43. Ng7+ 1-0

[Event "Olympiad-45"]
[Site "Budapest"]
[Date "2024.09.13"]
[Round "3.12"]
[White "Anton Guijarro, David"]
[Black "Quesada Perez, Luis Ernesto"]
[Result "1-0"]
[WhiteElo "2665"]
[BlackElo "2578"]
[PlyCount "61"]
[EventDate "2024.09.11"]
[EventType "team-swiss"]
[EventRounds "11"]
[EventCountry "HUN"]
[SourceTitle "EXT 2025"]
[Source "ChessBase"]
[SourceDate "2024.10.14"]
[SourceVersion "1"]
[SourceVersionDate "2024.10.14"]
[SourceQuality "1"]
[WhiteTeam "Spain"]
[BlackTeam "Cuba"]
[WhiteTeamCountry "ESP"]
[BlackTeamCountry "CUB"]

1. e4 e5 2. Nf3 Nc6 3. Bb5 f5 4. d3 fxe4 5. dxe4 Nf6 6. 0-0 d6 7. Nc3 Be7 8. Be3 a6 9. Bc4 Na5 10. Bd3 0-0 11. Nd5 Nc6 12. h3 Nxd5 13. exd5 Nb8 14. a4 a5 15. Ra3 Qe8 16. Rc3 Bd8 17. Ng5 Bxg5 18. Bxg5 Na6 19. Bb5 Bd7 20. Bxa6 Rxa6 21. Rxc7 Bf5 22. Kh2 Qxa4 23. f4 Raa8 24. fxe5 dxe5 25. d6 h6 26. Qd5+ Kh7 27. Qxe5 Bd7 28. b3 Qb5 29. Qxb5 Bxb5 30. Rxf8 Rxf8 31. Be7 1-0

[Event "Olympiad-45"]
[Site "Budapest"]
[Date "2024.09.12"]
[Round "2.35"]
[White "Quesada Perez, Luis Ernesto"]
[Black "Barrish, Daniel"]
[Result "1-0"]
[WhiteElo "2578"]
[BlackElo "2281"]
[PlyCount "113"]
[EventDate "2024.09.11"]
[EventType "team-swiss"]
[EventRounds "11"]
[EventCountry "HUN"]
[SourceTitle "EXT 2025"]
[Source "ChessBase"]
[SourceDate "2024.10.14"]
[SourceVersion "1"]
[SourceVersionDate "2024.10.14"]
[SourceQuality "1"]
[WhiteTeam "Cuba"]
[BlackTeam "South Africa"]
[WhiteTeamCountry "CUB"]
[BlackTeamCountry "RSA"]

1. d4 Nf6 2. Nf3 e6 3. Bf4 d5 4. e3 Bd6 5. Nbd2 0-0 6. Bd3 b6 7. Qe2 Bb7 8. Bg3 Ne4 9. Rd1 Nd7 10. Ba6 Bxa6 11. Qxa6 Nxg3 12. hxg3 f5 13. c4 c6 14. Rc1 Nf6 15. c5 Bc7 16. Qb7 Qd7 17. cxb6 axb6 18. Qxc6 Qxc6 19. Rxc6 Rxa2 20. Ke2 Bd8 21. Rb1 Re8 22. Ng5 e5 23. dxe5 Ng4 24. Re6 Rxe6 25. Nxe6 Be7 26. Nf4 Nxe5 27. Nxd5 Bc5 28. Nc3 Ra8 29. Nf3 Nxf3 30. gxf3 Kf7 31. g4 fxg4 32. fxg4 Re8 33. Ra1 Kg6 34. Ra7 Bd4 35. Rd7 Bf6 36. Rd6 Kg5 37. Kf3 Bxc3 38. bxc3 Rc8 39. Kg3 g6 40. f4+ Kh6 41. Rd7 g5 42. f5 Rxc3 43. Kf2 Rc4 44. Kf3 b5 45. e4 b4 46. e5 Rf4+ 47. Ke3 b3 48. e6 b2 49. Rb7 Rf1 50. Rxb2 Kg7 51. Ke4 Kf6 52. Rb7 Re1+ 53. Kf3 h6 54. Rf7+ Ke5 55. e7 Kd6 56. f6 Re6 57. Rf8 1-0

[Event "Olympiad-45"]
[Site "Budapest"]
[Date "2024.09.11"]
[Round "1.35"]
[White "Quesada Perez, Luis Ernesto"]
[Black "Amarathunga, Kosala Sandeepa Cha"]
[Result "1-0"]
[WhiteElo "2578"]
[BlackElo "1956"]
[PlyCount "53"]
[EventDate "2024.09.11"]
[EventType "team-swiss"]
[EventRounds "11"]
[EventCountry "HUN"]
[SourceTitle "EXT 2025"]
[Source "ChessBase"]
[SourceDate "2024.10.14"]
[SourceVersion "1"]
[SourceVersionDate "2024.10.14"]
[SourceQuality "1"]
[WhiteTeam "Cuba"]
[BlackTeam "Sri Lanka"]
[WhiteTeamCountry "CUB"]
[BlackTeamCountry "SRI"]

1. d4 Nf6 2. c4 e6 3. Nf3 d5 4. Nc3 h6 5. Bf4 c6 6. e3 Nbd7 7. h3 b6 8. cxd5 exd5 9. Bd3 Be7 10. 0-0 0-0 11. Rc1 Bb7 12. Ne5 c5 13. Bf5 Nxe5 14. dxe5 Ne4 15. Nxe4 dxe4 16. Qg4 Kh8 17. Rfd1 Qe8 18. Qh5 Qc6 19. Rd7 Rae8 20. Rcd1 Kg8 21. Rxb7 g6 22. Qxh6 Qxb7 23. Bxg6 fxg6 24. Qxg6+ Kh8 25. e6 Rxf4 26. exf4 Qc8 27. Rd5 1-0

[Event "Barcelona Sants op 25th"]
[Site "Barcelona"]
[Date "2024.09.01"]
[Round "10"]
[White "Quesada Perez, Luis Ernesto"]
[Black "Tahay, Alexis"]
[Result "1-0"]
[WhiteElo "2576"]
[BlackElo "2400"]
[PlyCount "96"]
[EventDate "2024.08.23"]
[EventType "swiss"]
[EventRounds "10"]
[EventCountry "ESP"]
[SourceTitle "CBM 221 Extra"]
[Source "ChessBase"]
[SourceDate "2024.09.30"]
[SourceVersion "1"]
[SourceVersionDate "2024.09.30"]
[SourceQuality "1"]

1. d4 Nf6 2. c4 e6 3. Nf3 d5 4. Nc3 Bb4 5. g3 0-0 6. Bg2 dxc4 7. 0-0 Nc6 8. Qa4 Nd5 9. Qc2 Be7 10. Rd1 Rb8 11. e4 Ndb4 12. Qe2 Nd3 13. Be3 f5 14. Ne1 Nxe1 15. Qxe1 Nb4 16. Qe2 b5 17. exf5 Rxf5 18. b3 Nd5 19. Rac1 Nxc3 20. Rxc3 cxb3 21. axb3 Bb7 22. Bf4 Bxg2 23. Qxe6+ Rf7 24. Kxg2 Bd6 25. Bxd6 Qxd6 26. Qxd6 cxd6 27. Ra1 g5 28. Ra6 Rbf8 29. Rc2 Rd7 30. Rca2 g4 31. Rxa7 Rxa7 32. Rxa7 Rf3 33. Rd7 Rxb3 34. Rxd6 Kf7 35. Rh6 Rb4 36. Rxh7+ Ke6 37. Rh5 Kd6 38. h3 gxh3+ 39. Kxh3 Kc6 40. Rc5+ Kb6 41. Rc1 Rc4 42. Rb1 Rxd4 43. f4 Kc5 44. f5 b4 45. f6 Rd6 46. Rf1 Rd8 47. f7 Rf8 48. Kg4 Kd5 1-0

[Event "Barcelona Sants op playoff 25th"]
[Site "Barcelona"]
[Date "2024.09.01"]
[Round "3.1"]
[White "Quesada Perez, Luis Ernesto"]
[Black "Zeng, Chongsheng"]
[Result "1/2-1/2"]
[WhiteElo "2578"]
[BlackElo "2562"]
[PlyCount "149"]
[EventDate "2024.09.01"]
[EventType "k.o. (blitz)"]
[EventRounds "3"]
[EventCountry "ESP"]
[SourceTitle "CBM 221 Extra"]
[Source "ChessBase"]
[SourceDate "2024.09.30"]
[SourceVersion "1"]
[SourceVersionDate "2024.09.30"]
[SourceQuality "1"]

1. d4 Nf6 2. c4 e6 3. Nf3 h6 4. a3 b6 5. Nc3 d5 6. cxd5 Nxd5 7. e4 Nxc3 8. bxc3 Bb7 9. Bd3 Nd7 10. 0-0 Bd6 11. e5 Be7 12. Nd2 0-0 13. Ne4 f5 14. exf6 Nxf6 15. Re1 Nxe4 16. Bxe4 Bxe4 17. Rxe4 Qd5 18. Qe2 Rf6 19. c4 Qd7 20. Bb2 Raf8 21. f3 Rg6 22. Re1 Bf6 23. Kh1 c5 24. dxc5 Bxb2 25. Qxb2 bxc5 26. Qe2 Rd8 27. h3 Qd2 28. Rxe6 Qxe2 29. R1xe2 Rxe6 30. Rxe6 Rd4 31. Ra6 Rxc4 32. Rxa7 Rc1+ 33. Kh2 c4 34. Kg3 c3 35. Rc7 c2 36. h4 Ra1 37. Rxc2 Rxa3 38. h5 Ra5 39. Kg4 Rg5+ 40. Kh4 Rf5 41. Rc8+ Kh7 42. Rc4 Rf8 43. Kg4 Ra8 44. Rc5 Ra4+ 45. f4 Ra2 46. g3 Ra3 47. Re5 Rb3 48. Re7 Ra3 49. Kh3 Rb3 50. Kg2 Ra3 51. Kf2 Ra2+ 52. Kf3 Rh2 53. g4 Rh3+ 54. Ke4 Ra3 55. Kf5 Ra6 56. Re6 Ra5+ 57. Re5 Ra6 58. Rd5 Rf6+ 59. Ke5 Ra6 60. g5 hxg5 61. fxg5 Ra1 62. Rd8 Ra5+ 63. Rd5 Ra1 64. Ke6 Rh1 65. g6+ Kh6 66. Kf7 Ra1 67. Rd8 Ra7+ 68. Kg8 Kxh5 69. Rd6 Kh6 70. Re6 Rb7 71. Rd6 Rc7 72. Re6 Rd7 73. Rc6 Rd5 74. Ra6 Rf5 75. Ra1 1/2-1/2

[Event "Barcelona Sants op playoff 25th"]
[Site "Barcelona"]
[Date "2024.09.01"]
[Round "3.2"]
[White "Zeng, Chongsheng"]
[Black "Quesada Perez, Luis Ernesto"]
[Result "1/2-1/2"]
[WhiteElo "2562"]
[BlackElo "2578"]
[PlyCount "35"]
[EventDate "2024.09.01"]
[EventType "k.o. (blitz)"]
[EventRounds "3"]
[EventCountry "ESP"]
[SourceTitle "CBM 221 Extra"]
[Source "ChessBase"]
[SourceDate "2024.09.30"]
[SourceVersion "1"]
[SourceVersionDate "2024.09.30"]
[SourceQuality "1"]

1. b3 d5 2. Bb2 Nf6 3. e3 g6 4. c4 c6 5. cxd5 cxd5 6. Bxf6 exf6 7. Ne2 Nc6 8. d4 Bb4+ 9. Nbc3 Bg4 10. f3 Be6 11. a3 Bd6 12. b4 Rc8 13. Qd2 0-0 14. Nf4 Ne7 15. Kf2 a5 16. Nb5 Bxf4 17. exf4 axb4 18. axb4 1/2-1/2